Notas acerca de la situación socio política de Panamá

Guardat en:
Dades bibliogràfiques
Autor principal: De Sousa, Herbert
Autor corporatiu: Universidad de Panamá
Format: Text
Publicat: Panamá: Universidad Nacional de Panamá
Etiquetes: Afegir etiqueta
Sense etiquetes, Sigues el primer a etiquetar aquest registre!

MARC

LEADER 00000 a a2200000 04500
001 20346
003
040 |a CRAI/IIS  |c CRAI/IIS 
090 |a 084700  
100 |a De Sousa, Herbert  
110 |a Universidad de Panamá  
245 |a Notas acerca de la situación socio política de Panamá  
260 |a Panamá:   |b Universidad Nacional de Panamá  
300 |a 88 p.  
999 |c 1081  |d 1081